书目信息 |
| 题名: |
中医分子生物学
|
|
| 作者: | 王米渠 著 | |
| 分册: | ||
| 出版信息: | 北京 中国医药科技出版社 2003.04 |
|
| 页数: | 435页 | |
| 开本: | 30cm | |
| 丛书名: | 现代中医系列丛书 | |
| 单 册: | ||
| 中图分类: | R229 | |
| 科图分类: | ||
| 主题词: | 中医学--分子生物学 , 中医学 , 分子生物学 | |
| 电子资源: | ||
| ISBN: | 7-5067-2666-1 | |
| 000 | 01129oam2 2200337 450 | |
| 001 | 01200620000050 | |
| 005 | 20060914094504.14 | |
| 010 | @a7-5067-2666-1@b精装@dCNY78.00 | |
| 092 | @aCN@b470186 | |
| 100 | @a20060311d2003 em y0chiy0120 ea | |
| 101 | 0 | @achi@eeng |
| 102 | @aCN@b110000 | |
| 105 | @aa z 000yy | |
| 200 | 1 | @a中医分子生物学@Azhong yi fen zi sheng wu xue@e分子中医学@f王米渠著@Fwang mi qu zhu |
| 210 | @a北京@c中国医药科技出版社@d2003.04 | |
| 215 | @a435页@c图@d30cm | |
| 225 | 2 | @a现代中医系列丛书 |
| 300 | @a中国国家自然科学基金3次资助项目的理论研究 | |
| 320 | @a有书目(第431~435页) | |
| 330 | @a本书共二十四章,主要内容包括:导论、阴阳学说与分子生物学、藏象学说与分子生物学、复方的分子机制、古代的基因猜想与前沿的实证研究等。 | |
| 461 | 0 | @12001 @a现代中医系列丛书 |
| 510 | 1 | @aMolecular Chinese Medicine@zeng |
| 517 | 1 | @a分子中医学@Afen zi zhong yi xue |
| 606 | 0 | @a中医学@x分子生物学 |
| 606 | 0 | @a中医学 |
| 606 | 0 | @a分子生物学 |
| 690 | @aR229@v4 | |
| 701 | 0 | @a王米渠@Awang mi qu@4著 |
| 801 | 0 | @aCN@bLZJBOOK@c20060914 |
| 905 | @aBZT@dR229@e3 | |
| 906 | @dCNY78.00@n0@r1 | |
| 中医分子生物学:分子中医学/王米渠著.-北京:中国医药科技出版社,2003.04 |
| 435页:图;30cm.-(现代中医系列丛书) |
| 中国国家自然科学基金3次资助项目的理论研究 |
| ISBN 7-5067-2666-1(精装):CNY78.00 |
| 本书共二十四章,主要内容包括:导论、阴阳学说与分子生物学、藏象学说与分子生物学、复方的分子机制、古代的基因猜想与前沿的实证研究等。 |
| ● |
| 相关链接 |
|
|
|
正题名:中医分子生物学
索取号:R229/3
 
预约/预借
| 序号 | 登录号 | 条形码 | 馆藏地/架位号 | 状态 | 备注 |
| 1 | 457378 | 230014003 | 中心书库中库/ 中库003架A面1列2层47/ [索取号:R229/3] | 在馆 | |
| 2 | 457379 | 230014002 | 中心书库中库/ 中库003架A面1列2层46/ [索取号:R229/3] | 在馆 | |
| 3 | 457380 | 230014001 | 中心书库中库/ 中库002架B面5列5层4/ [索取号:R229/3] | 在馆 | |
| 4 | 457381 | 230014000 | 中心书库中库/ 中库003架A面1列2层45/ [索取号:R229/3] | 在馆 | |
| 5 | 457382 | 230014004 | 中心书库中库/ 中库003架A面1列2层44/ [索取号:R229/3] | 在馆 |